000 00533nam a22001577a 4500
999 _c533573
_d533573
020 _qHard Cover.
082 _a624.1
100 _aSaif ur Rehman
245 _aStructural Fire Performance of Fiber Reinforced HSC Columns using Opensees Software /
_cSaif ur Rehman.
260 _aIslamabad:
_bSCEE - NUST,
_c2017.
300 _a103 p. :
_bill. ;
_c30cm.
942 _2ddc
_cTHE
650 _aStructural Engineering MS-Thesis.
_917039
700 _aDr, Syed Hassan Farooq
_927315